Study on variation of structure and properties of natural rubber during accelerated storage (Record no. 69879)

MARC details
000 -LEADER
fixed length control field 00530nam a2200193Ia 4500
100 ## - MAIN ENTRY--AUTHOR NAME
Personal name Li S D
245 #0 - TITLE STATEMENT
Title Study on variation of structure and properties of natural rubber during accelerated storage
260 ## - PUBLICATION, DISTRIBUTION, ETC. (IMPRINT)
Name of publisher Journal of Applied Polymer Science
Year of publication 1998
300 ## - PHYSICAL DESCRIPTION
Number of Pages 1779-1783
650 ## - SUBJECT ADDED ENTRY--TOPICAL TERM
Topical Term Accelerated storage
650 ## - SUBJECT ADDED ENTRY--TOPICAL TERM
Topical Term Natural rubber
650 ## - SUBJECT ADDED ENTRY--TOPICAL TERM
Topical Term Properties
650 ## - SUBJECT ADDED ENTRY--TOPICAL TERM
Topical Term Structure
700 ## - ADDED ENTRY--PERSONAL NAME
Personal name Li P S
700 ## - ADDED ENTRY--PERSONAL NAME
Personal name Peng Z
700 ## - ADDED ENTRY--PERSONAL NAME
Personal name Yu H P
942 ## - ADDED ENTRY ELEMENTS (KOHA)
Koha item type Journals
Holdings
Withdrawn status Lost status Damaged status Not for loan Home library Current library Shelving location Date acquired Serial Enumeration / chronology Koha item type
      Journals RRII Library RRII Library Rubber chemistry 17/12/2021 Volume 70, Issue 9 Journals